| 000 | 01569nam0a2200397 4500 | ||
|---|---|---|---|
| 001 | RU\NLR\bibl\1875184 | ||
| 005 | 20260408070500.0 | ||
| 010 |
_a978-5-85693-437-2 _9200 |
||
| 021 |
_aRU _b2012-8907 _9660 |
||
| 035 | _a(nilc)RSL-KNO-005393680 | ||
| 035 | _a(NLR Aleph) 001864993 | ||
| 090 |
_a2583118 _c2583118 |
||
| 100 | _a20120220d2011 |||y0rusy50 ca | ||
| 101 | 0 | _arus | |
| 102 | _aRU | ||
| 105 | _aa ||||||||| | ||
| 200 | 1 |
_aГимназия № 33: слагаемые успеха _f[Д. К. Халтаева, Е. Ю. Петряева] _gМ-во образования и науки Респ. Бурятия, МОУ Гимназия № 33 г. Улан-Удэ |
|
| 210 |
_aУлан-Удэ _cБэлиг _d2011 |
||
| 215 |
_a328 с. _cил. _d20 |
||
| 300 | _aАвт. указаны на обл. | ||
| 320 | _aБиблиогр.: с. 326-328 (29 назв.) | ||
| 601 | 0 | 2 |
_aГимназия _c33; Улан-Удэ, город; Бурятия _92157604 _3RU\NLR\auth\661603455 |
| 686 |
_aЧ424(2Р-6Бу)714.5,0 _2rubbk |
||
| 686 | _aЧ424(2Р)7 | ||
| 701 | 1 |
_aПетряева _bЕ. Ю. _gЕлена Юрьевна _4070 |
|
| 702 | 1 |
_aХалтаева _bД. К. _gДарима Константиновна |
|
| 712 | 0 | 2 |
_4570 _aГимназия _c33; Улан-Удэ _3RU\NLR\AUTH\8810212226 _9311466 |
| 801 | 0 |
_aRU _bRuMoRKP _c20120220 _grcr |
|
| 801 | 1 |
_aRU _bРГБ _c20120220 |
|
| 801 | 2 |
_aRU _bNLR _c20120229 _grcr |
|
| 830 | _aавт. по кн. | ||
| 942 | _cBOOK | ||
| 980 | _aNB | ||
| 980 | _aNBR | ||